| 000 | 01304cam a2200349 i 4500 | ||
|---|---|---|---|
| 001 | 13758810 | ||
| 003 | EG-ScBUE | ||
| 005 | 20250522135157.0 | ||
| 008 | 041022t2005 njua f b 001 0 eng d | ||
| 020 | _a047126122X | ||
| 020 | _a9780471261223 | ||
| 035 | _a(OCoLC)ocm56895209 | ||
| 040 |
_aEG-ScBUE _beng _erda _cEG-ScBUE _dEG-ScBUE |
||
| 082 | 0 | 4 |
_a532.051 _222 _bPAN |
| 100 | 1 |
_aPanton, Ronald L. _q(Ronald Lee), _d1933- _927597 _eauthor. |
|
| 245 | 1 | 0 |
_aIncompressible flow / _cRonald L. Panton. |
| 250 | _aThird edition. | ||
| 264 | 1 |
_aHoboken, New Jersey : _bJohn Wiley & Sons, INC., _c[2005] |
|
| 264 | 4 | _cc2005 | |
| 300 |
_axvi, 821 pages : _billustrations ; _c25 cm |
||
| 336 |
_2rdacontent _atext _btxt |
||
| 337 |
_aunmediated _2rdamedia _bn |
||
| 338 |
_avolume _bnc _2rdacarrier |
||
| 504 | _aIncludes bibliographical references and index. | ||
| 650 | 7 |
_aFluid dynamics. _927598 _2BUEsh |
|
| 653 | _cOctober2011 | ||
| 655 | _vReading book | ||
| 856 | 4 | 2 |
_3Contributor biographical information _uhttp://www.loc.gov/catdir/enhancements/fy0618/2004060593-b.html |
| 856 | 4 | 2 |
_3Publisher description _uhttp://www.loc.gov/catdir/enhancements/fy0618/2004060593-d.html |
| 856 | 4 | 1 |
_3Table of contents only _uhttp://www.loc.gov/catdir/enhancements/fy0653/2004060593-t.html |
| 942 |
_2ddc _cBB |
||
| 999 |
_c16158 _d16158 |
||